[Event "RUS Cup U13 Girls final"]
[Site "Bryansk"]
[Date "2019.01.05"]
[Round "2"]
[White "Alimova, Dana"]
[Black "Alekseenko, Mariya"]
[Result "0-1"]
[WhiteElo "1597"]
[BlackElo "1797"]
[PlyCount "90"]
[EventDate "2019.01.04"]
[EventType "tourn"]
[EventRounds "7"]
[EventCountry "RUS"]
[SourceTitle "CBM 189 Extra"]
[Source "ChessBase"]
[SourceDate "2019.06.03"]
[SourceVersion "1"]
[SourceVersionDate "2019.06.03"]
[SourceQuality "1"]

1. e4 c5 2. Nf3 e6 3. d4 cxd4 4. Nxd4 a6 5. Nc3 Qc7 6. Bd3 Nf6 7. 0-0 Nc6 8. Be3 Ne5 9. h3 Bc5 10. f4 d6 11. Kh1 Ng6 12. Qe2 b5 13. Nb3 Bb7 14. Nxc5 dxc5 15. e5 Nd5 16. Nxd5 exd5 17. Qg4 0-0 18. h4 Bc8 19. Bf5 Bxf5 20. Qxf5 Ne7 21. Qh3 d4 22. Bd2 Nc6 23. Rae1 Rae8 24. f5 Nxe5 25. f6 Qd7 26. Qg3 Qg4 27. Bf4 Qxg3 28. Bxg3 Nc4 29. b3 Nd2 30. Rf5 Ne4 31. Bc7 Nf2+ 32. Rxf2 Rxe1+ 33. Kh2 Rc8 34. Bg3 Re6 35. fxg7 Kxg7 36. Rf5 f6 37. Kh3 Kg6 38. Rd5 h5 39. Rd6 Rxd6 40. Bxd6 c4 41. b4 d3 42. cxd3 cxd3 43. Bf4 Rc2 44. a3 d2 45. Bxd2 Rxd2 0-1

[Event "Wch U12 Girls"]
[Site "Santiago de Compostela"]
[Date "2018.11.13"]
[Round "9"]
[White "Alimova, Dana"]
[Black "Mellor, Jessica"]
[Result "0-1"]
[WhiteElo "1628"]
[BlackElo "1555"]
[PlyCount "100"]
[EventDate "2018.11.04"]
[EventType "swiss"]
[EventRounds "11"]
[EventCountry "ESP"]
[SourceTitle "EXT 2022"]
[Source "ChessBase"]
[SourceDate "2021.10.06"]
[SourceVersion "1"]
[SourceVersionDate "2021.10.06"]
[SourceQuality "1"]

1. e4 e5 2. Nf3 Nc6 3. d4 exd4 4. Nxd4 Qh4 5. Nb5 Bb4+ 6. Bd2 Qxe4+ 7. Qe2 Qxe2+ 8. Bxe2 Bxd2+ 9. Nxd2 Kd8 10. 0-0-0 a6 11. Nc3 d6 12. Nde4 Be6 13. f4 h6 14. Nc5 Kc8 15. Nxe6 fxe6 16. Bg4 Kd7 17. Rhe1 Re8 18. Ne4 b6 19. f5 exf5 20. Bxf5+ Kd8 21. Nxd6 Rxe1 22. Nb7+ Ke8 23. Rxe1+ Nge7 24. Bg6+ Kd7 25. Bd3 a5 26. Rd1 Kc8 27. Ba6 Kb8 28. b4 axb4 29. Rd7 Ka7 30. Rxc7 Kxa6 31. Nd6 Rf8 32. Ne4 Rf4 33. Nd2 Rf2 34. g3 Rxh2 35. Ne4 Re2 36. Nd6 Rg2 37. Ne4 Re2 38. Nd6 Re6 39. Nc4 Rg6 40. Ne5 Nxe5 41. Rxe7 Nf3 42. Re4 Ka5 43. g4 Ng5 44. Re5+ b5 45. Kb2 Re6 46. Rd5 Re4 47. Rd7 Rxg4 48. Rxg7 h5 49. Rg8 h4 50. Rg7 h3 0-1

[Event "Wch U12 Girls"]
[Site "Santiago de Compostela"]
[Date "2018.11.11"]
[Round "7"]
[White "Alimova, Dana"]
[Black "Boramanikar, Tanisha S"]
[Result "1/2-1/2"]
[WhiteElo "1628"]
[BlackElo "1716"]
[PlyCount "181"]
[EventDate "2018.11.04"]
[EventType "swiss"]
[EventRounds "11"]
[EventCountry "ESP"]
[SourceTitle "EXT 2022"]
[Source "ChessBase"]
[SourceDate "2021.10.06"]
[SourceVersion "1"]
[SourceVersionDate "2021.10.06"]
[SourceQuality "1"]

1. e4 c5 2. Nc3 Nc6 3. Bb5 Nd4 4. Nf3 Nxb5 5. Nxb5 g6 6. d4 Bg7 7. c3 Qa5 8. Na3 cxd4 9. Nxd4 Nf6 10. f3 0-0 11. 0-0 Qh5 12. c4 d6 13. Be3 Bd7 14. Nb1 Rac8 15. Qd3 Bc6 16. Nc3 b6 17. Nd5 Bxd5 18. cxd5 Nd7 19. Nc6 Rfe8 20. Bd4 Ne5 21. Bxe5 Bxe5 22. Nxe5 Qxe5 23. Rab1 f5 24. Rfe1 f4 25. Qb5 Qd4+ 26. Kh1 Red8 27. Rbd1 Qc4 28. Qxc4 Rxc4 29. Rd2 Rdc8 30. Kg1 Rc2 31. Red1 Kf7 32. Kf2 Kf6 33. Ke2 Ke5 34. Kd3 Rc1 35. Rxc1 Rxc1 36. Ke2 g5 37. Kf2 h5 38. h3 a5 39. a3 b5 40. Ke2 g4 41. hxg4 hxg4 42. Kf2 Rc4 43. Ke2 g3 44. Kf1 b4 45. axb4 axb4 46. Ke2 b3 47. Rd3 Rc2+ 48. Rd2 Rc1 49. Rd1 Rc8 50. Rd3 Rh8 51. Rd2 Rh1 52. Kd3 Rc1 53. Ke2 Kf6 54. Rd1 Rc2+ 55. Rd2 Rc8 56. Rd3 Rh8 57. Rd2 e5 58. Kd3 Rc8 59. Ke2 Ke7 60. Rd3 Rh8 61. Rd2 Kd7 62. Kd3 Rc8 63. Ke2 Kc7 64. Rd3 Rh8 65. Rd2 Kb6 66. Kd3 Rc8 67. Ke2 Kb5 68. Rd1 Kb4 69. Rd3 Rh8 70. Rd2 Kc4 71. Rd1 Rh2 72. Rg1 Kb4 73. Kd2 Rh7 74. Ke2 Rc7 75. Rd1 Rc2+ 76. Rd2 Kc4 77. Rxc2+ bxc2 78. Kd2 Kd4 79. b4 c1Q+ 80. Kxc1 Kc4 81. Kc2 Kxb4 82. Kb2 Kc4 83. Kc2 Kb4 84. Kb2 Kb5 85. Kb3 Kc5 86. Kc3 Kb5 87. Kb3 Ka5 88. Ka3 Kb5 89. Kb3 Kc5 90. Kc3 Kb5 91. Kb3 1/2-1/2

[Event "EU School-ch U11 Girls"]
[Site "Budva"]
[Date "2017.06.19"]
[Round "9"]
[White "Zavivaeva, Emilia"]
[Black "Alimova, Dana"]
[Result "0-1"]
[WhiteElo "1593"]
[BlackElo "1482"]
[PlyCount "94"]
[EventDate "2017.06.11"]
[EventType "swiss"]
[EventRounds "9"]
[EventCountry "MNE"]
[SourceTitle "EXT 2024"]
[Source "ChessBase"]
[SourceDate "2023.10.10"]
[SourceVersion "1"]
[SourceVersionDate "2023.10.10"]
[SourceQuality "1"]

1. e4 c5 2. Nf3 e6 3. d4 cxd4 4. Nxd4 a6 5. Bd3 Qc7 6. 0-0 Nc6 7. Nxc6 dxc6 8. Nd2 Nf6 9. b3 Bd6 10. h3 Be5 11. Rb1 0-0 12. Nc4 Bd4 13. Kh1 b5 14. Nd2 Bb7 15. f4 c5 16. e5 Qc6 17. Qe2 Nd5 18. Be4 Qd7 19. Qf3 Rab8 20. c4 Nc3 21. Bxb7 Qxb7 22. Rb2 Qxf3 23. Rxf3 Nd1 24. Rc2 Ne3 25. Rb2 Bxb2 26. Bxb2 Rfd8 27. Ne4 Rd1+ 28. Kh2 Nf1+ 29. Rxf1 Rxf1 30. Nxc5 bxc4 31. Nxa6 Ra8 32. Nb4 cxb3 33. axb3 Rb8 34. Ba3 g6 35. Nc6 Rxb3 36. Be7 Rxf4 37. Bg5 Rf2 38. Bh4 Ra2 39. Ne7+ Kf8 40. Bf6 Rbb2 41. Nc6 Rxg2+ 42. Kh1 Rgc2 43. Be7+ Kg8 44. Bc5 Rxc5 45. Ne7+ Kg7 46. Nf5+ exf5 47. e6 Rc1# 0-1

[Event "EU-ch U10 Girls 26th"]
[Site "Prague"]
[Date "2016.08.27"]
[Round "9"]
[White "Trgovac, Marta"]
[Black "Alimova, Dana"]
[Result "1/2-1/2"]
[WhiteElo "1277"]
[BlackElo "1451"]
[PlyCount "52"]
[EventDate "2016.08.18"]
[EventType "swiss"]
[EventRounds "9"]
[EventCountry "CZE"]
[SourceTitle "CBM 174 Extra"]
[Source "ChessBase"]
[SourceDate "2016.10.10"]
[SourceVersion "1"]
[SourceVersionDate "2016.10.10"]
[SourceQuality "1"]

1. c4 c5 2. Nf3 Nc6 3. Nc3 e6 4. d3 g6 5. Bf4 a6 6. g3 d5 7. cxd5 exd5 8. Bg2 Bg7 9. 0-0 Nf6 10. Nd2 0-0 11. Bg5 Be6 12. Na4 b6 13. e4 Rb8 14. Re1 Qd7 15. exd5 Bxd5 16. Ne4 Nxe4 17. dxe4 Be6 18. Qxd7 Bxd7 19. Bf4 Be5 20. Bxe5 Nxe5 21. Nc3 Nd3 22. Red1 c4 23. b3 Be6 24. Nd5 b5 25. Nc7 Rb6 26. Nd5 Rd6 1/2-1/2

[Event "EU-ch U10 Girls 26th"]
[Site "Prague"]
[Date "2016.08.26"]
[Round "8"]
[White "Alimova, Dana"]
[Black "Mustafina, Yuliana"]
[Result "1-0"]
[WhiteElo "1451"]
[BlackElo "1202"]
[PlyCount "57"]
[EventDate "2016.08.18"]
[EventType "swiss"]
[EventRounds "9"]
[EventCountry "CZE"]
[SourceTitle "CBM 174 Extra"]
[Source "ChessBase"]
[SourceDate "2016.10.10"]
[SourceVersion "1"]
[SourceVersionDate "2016.10.10"]
[SourceQuality "1"]

1. e4 e5 2. Nf3 Nc6 3. d4 exd4 4. Nxd4 Nf6 5. Nxc6 bxc6 6. e5 Qe7 7. Qe2 Nd5 8. c4 Nb6 9. Nd2 Qe6 10. b3 a5 11. g3 a4 12. Bb2 Bb4 13. Qe3 0-0 14. Bg2 Rd8 15. 0-0 Ra5 16. a3 Bxd2 17. Qxd2 Ra7 18. c5 Nd5 19. b4 Ne7 20. f4 Ba6 21. Rf2 Bc4 22. f5 Nxf5 23. Bh3 g6 24. Bxf5 gxf5 25. Qg5+ Qg6 26. Rxf5 Qxg5 27. Rxg5+ Kh8 28. e6+ f6 29. Bxf6# 1-0

[Event "EU-ch U10 Girls 26th"]
[Site "Prague"]
[Date "2016.08.25"]
[Round "7"]
[White "Poliato, Irina"]
[Black "Alimova, Dana"]
[Result "1-0"]
[WhiteElo "1280"]
[BlackElo "1451"]
[PlyCount "103"]
[EventDate "2016.08.18"]
[EventType "swiss"]
[EventRounds "9"]
[EventCountry "CZE"]
[SourceTitle "CBM 174 Extra"]
[Source "ChessBase"]
[SourceDate "2016.10.10"]
[SourceVersion "1"]
[SourceVersionDate "2016.10.10"]
[SourceQuality "1"]

1. d4 d5 2. c4 e6 3. Nc3 Nf6 4. Bg5 Nbd7 5. e3 c6 6. Nf3 Qa5 7. cxd5 cxd5 8. Bd3 Bb4 9. Qc2 Ne4 10. Rc1 Qxa2 11. 0-0 Bxc3 12. bxc3 Qxc2 13. Rxc2 Ndf6 14. c4 Nxg5 15. Nxg5 h6 16. Nf3 0-0 17. c5 Bd7 18. Rb2 Bc6 19. Ne5 Rab8 20. Rfb1 Rbc8 21. Nxc6 bxc6 22. Rb7 Ra8 23. Ra1 Rfb8 24. Rbxa7 Rxa7 25. Rxa7 Ne8 26. Ra6 Rc8 27. Rb6 Nf6 28. Ba6 Rc7 29. Rb7 Rc8 30. Ra7 Rb8 31. Bb7 Ne4 32. Ra8 Rxa8 33. Bxa8 Kf8 34. Bxc6 Ke7 35. Bb5 Nc3 36. Bd3 Na2 37. Kf1 Nc1 38. Bc2 Kd7 39. Ke1 Kc7 40. Kd2 Na2 41. Bd3 Nb4 42. Bb5 f6 43. Kc3 Nc6 44. Bxc6 Kxc6 45. Kb4 g5 46. g4 e5 47. h3 e4 48. Ka5 Kb7 49. Kb5 Kc7 50. c6 Kc8 51. Kc5 Kc7 52. Kxd5 1-0

[Event "EU-ch U10 Girls 25th"]
[Site "Porec"]
[Date "2015.09.30"]
[Round "9"]
[White "Lukasik, Zuzanna"]
[Black "Alimova, Dana"]
[Result "1/2-1/2"]
[WhiteElo "1168"]
[BlackElo "1513"]
[PlyCount "162"]
[EventDate "2015.09.21"]
[EventType "swiss"]
[EventRounds "9"]
[EventCountry "CRO"]
[SourceTitle "EXT 2016"]
[Source "ChessBase"]
[SourceDate "2015.10.08"]
[SourceVersion "1"]
[SourceVersionDate "2015.10.08"]
[SourceQuality "1"]

1. e4 c5 2. Nf3 e6 3. d4 cxd4 4. Nxd4 a6 5. Nc3 Qc7 6. Be2 Nf6 7. a3 b5 8. 0-0 Bb7 9. Qd3 Be7 10. Kh1 0-0 11. f4 d6 12. h3 Nbd7 13. Bf3 Rac8 14. g4 Qc4 15. Qd1 Nc5 16. e5 Bxf3+ 17. Nxf3 Nfe4 18. Kg2 Nxc3 19. bxc3 Ne4 20. Bb2 Nxc3 21. Bxc3 Qxc3 22. exd6 Qxc2+ 23. Rf2 Qxd1 24. Rxd1 Bf6 25. g5 Bd8 26. Rfd2 Rc4 27. Rd4 Rxd4 28. Nxd4 g6 29. d7 Bb6 30. Nc6 Bd8 31. Rc1 Kg7 32. Kf3 Rg8 33. Ra1 Rf8 34. Kg3 Rg8 35. a4 bxa4 36. Rxa4 a5 37. Nxa5 Bxa5 38. Rxa5 Rd8 39. Ra7 Kf8 40. h4 Ke7 41. Ra3 Rxd7 42. Re3 Kd6 43. Re5 Rc7 44. Kg4 Rc5 45. Re3 Rc4 46. Re5 Ke7 47. Rb5 Rc7 48. h5 Rd7 49. hxg6 hxg6 50. Re5 Rd5 51. Re3 Kd6 52. Kh4 e5 53. fxe5+ Rxe5 54. Rf3 Ke6 55. Kg4 Re4+ 56. Kg3 Ke7 57. Rf2 Kf8 58. Kh3 Kg7 59. Kg3 Re6 60. Kg4 f6 61. gxf6+ Rxf6 62. Rxf6 Kxf6 63. Kf4 g5+ 64. Kg3 Kf5 65. Kf3 g4+ 66. Kg2 Kf4 67. Kf2 g3+ 68. Kg1 Kg4 69. Kg2 Kh4 70. Kg1 Kh5 71. Kh1 Kg5 72. Kg1 Kf5 73. Kf1 Kf4 74. Kg1 Ke5 75. Kf1 Ke4 76. Kg2 Kf4 77. Kg1 Kg4 78. Kg2 Kh4 79. Kg1 Kh3 80. Kh1 g2+ 81. Kg1 Kg3 1/2-1/2

[Event "EU-ch U10 Girls 25th"]
[Site "Porec"]
[Date "2015.09.28"]
[Round "7"]
[White "Qasem, Huda"]
[Black "Alimova, Dana"]
[Result "0-1"]
[WhiteElo "1230"]
[BlackElo "1513"]
[PlyCount "96"]
[EventDate "2015.09.21"]
[EventType "swiss"]
[EventRounds "9"]
[EventCountry "CRO"]
[SourceTitle "EXT 2016"]
[Source "ChessBase"]
[SourceDate "2015.10.08"]
[SourceVersion "1"]
[SourceVersionDate "2015.10.08"]
[SourceQuality "1"]

1. e4 c5 2. d3 e6 3. g3 a6 4. Bg2 Qc7 5. Nc3 b5 6. Nf3 d6 7. 0-0 Bb7 8. Re1 Nd7 9. a4 b4 10. Ne2 Ne7 11. Nf4 g6 12. h4 Bg7 13. Nh3 h6 14. Nh2 Rc8 15. Qe2 c4 16. Rb1 cxd3 17. cxd3 Nc5 18. Bd2 a5 19. Rec1 Qd7 20. b3 Ba6 21. Qe3 Bxd3 22. Rxc5 dxc5 23. Rc1 Qd4 24. Ng4 Qxe3 25. Bxe3 c4 26. bxc4 Rxc4 27. Rxc4 Bxc4 28. e5 Bd3 29. Nf6+ Bxf6 30. exf6 Nf5 31. Bc6+ Kd8 32. Bb6+ Kc8 33. Bxa5 b3 34. Bc3 Kc7 35. Bf3 Rb8 36. Nf4 Bc2 37. Bb2 Nd6 38. Be2 Rb4 39. a5 Nc4 40. Bxc4 Rxc4 41. Nxe6+ Kd7 42. Nd4 Ra4 43. Nb5 Rxa5 44. Na3 Rd5 45. Kg2 Be4+ 46. Kf1 Bf3 47. Kg1 Rd1+ 48. Kh2 Rh1# 0-1